Javaserver pages project for beginners (Record no. 184846)
[ view plain ]
| 000 -LEADER | |
|---|---|
| fixed length control field | 00420nam a2200157Ia 4500 |
| 005 - DATE AND TIME OF LATEST TRANSACTION | |
| control field | 20250321152103.0 |
| 008 - FIXED-LENGTH DATA ELEMENTS--GENERAL INFORMATION | |
| fixed length control field | 231217s9999 xx 000 0 und d |
| 020 ## - INTERNATIONAL STANDARD BOOK NUMBER | |
| International Standard Book Number | 9788184045925 |
| 082 ## - DEWEY DECIMAL CLASSIFICATION NUMBER | |
| Classification number | 001.6424JAV SHA;1 R |
| 100 ## - MAIN ENTRY--PERSONAL NAME | |
| Personal name | Shah, Sharanam. Shah, Vaishali. |
| 245 #0 - TITLE STATEMENT | |
| Title | Javaserver pages project for beginners |
| 250 ## - EDITION STATEMENT | |
| Edition statement | 1st ed. |
| 260 ## - PUBLICATION, DISTRIBUTION, ETC. (IMPRINT) | |
| Date of publication, distribution, etc. | 2008 |
| Name of publisher, distributor, etc. | Shroff |
| Place of publication, distribution, etc. | Mumbai |
| 300 ## - PHYSICAL DESCRIPTION | |
| Extent | xxiii, 666+55 |
| 942 ## - ADDED ENTRY ELEMENTS (KOHA) | |
| Koha item type | Books |
| Date last seen | Total Checkouts | Full call number | Accession number | Old discount | Cost, replacement price | Price effective from | Category | Lost status | Damaged status | Department | Withdrawn status | bill no. | bill date | Permanent Location | Current Location | Shelving location | Entry date | Vendor | Cost, normal purchase price | Grants | Currency symbol | Conversion rate | Discount | Discount type |
|---|---|---|---|---|---|---|---|---|---|---|---|---|---|---|---|---|---|---|---|---|---|---|---|---|
| 26/01/2024 | 001.6424JAV SHA;1 R | 57643 | 25 | 412.50 | 26/01/2024 | Books | CS | 11 | 09/10/2013 | Central Library | Central Library | Central Library | 23/12/2009 | Sapna Book House | 550.00 | CS | RS | 1 | 137.5 | Rupees |
